[Event "FRA-ch Universities 2019"]
[Site "Paris"]
[Date "2019.02.02"]
[Round "2"]
[White "Sochacki, Christophe"]
[Black "Ribiere, Damien"]
[Result "1-0"]
[WhiteElo "2482"]
[BlackElo "2042"]
[Annotator "RC"]
[PlyCount "86"]
[EventDate "2019.02.01"]
[EventType "swiss"]
[EventCountry "FRA"]
[SourceTitle "playchess.com"]
[Source "ChessBase"]
[SourceQuality "1"]
[TimeControl "900+5"]

1. e4 {[%emt 0:00:00]} d6 {[%emt 0:00:00]} 2. d4 {[%emt 0:00:00]} Nf6 {[%emt 0:00:00]} 3. Nc3 {[%emt 0:00:00]} g6 {[%emt 0:00:00]} 4. h3 {[%emt 0:01:12]} Bg7 {[%emt 0:00:21]} 5. Nf3 {[%emt 0:00:04]} O-O {[%emt 0:00:03]} 6. Be3 {[%emt 0:00:13]} c6 {[%emt 0:00:07]} 7. a4 {[%emt 0:00:22]} a5 {[%emt 0:00:11]} 8. Be2 {[%emt 0:00:04]} Nbd7 {[%emt 0:00:25]} 9. Qd2 {[%emt 0:00:03]} e5 {[%emt 0:00:24]} 10. dxe5 {[%emt 0:00:18]} dxe5 {[%emt 0:01:08]} 11. Rd1 {[%emt 0:01:26]} Qe7 {[%emt 0:03:48]} 12. Qd6 {[%emt 0:00:14]} Qxd6 {[%emt 0:00:15]} 13. Rxd6 {[%emt 0:00:03]} Re8 {[%emt 0:00:22]} 14. Rd1 {[%emt 0:00:55]} Nh5 {[%emt 0:01:32]} 15. g3 {[%emt 0:00:59]} Bf8 {[%emt 0:01:31]} 16. Ng5 {[%emt 0:00:42]} h6 {[%emt 0:00:52]} 17. Bxh5 {[%emt 0:00:13]} hxg5 {[%emt 0:00:02]} 18. Bg4 {[%emt 0:00:09]} Nc5 {[%emt 0:01:32]} 19. Bxg5 {[%emt 0:00:26]} Kg7 {[%emt 0:01:11]} 20. Ke2 {[%emt 0:01:44]} f5 {[%emt 0:01:17]} 21. exf5 {[%emt 0:00:23]} Bxf5 {[%emt 0:00:01]} 22. Bxf5 {[%emt 0:03:00]} gxf5 {[%emt 0:00:02]} 23. Be3 {[%emt 0:00:02]} Ne6 {[%emt 0:01:02]} 24. Rd7+ {[%emt 0:00:17]} Kf6 {[%emt 0:00:19]} 25. Kf3 {[%emt 0:00:42]} Re7 {[%emt 0:00:25]} 26. Rxe7 {[%emt 0:00:20]} Bxe7 {[%emt 0:00:01]} 27. h4 {[%emt 0:00:52]} Bc5 {[%emt 0:00:11]} 28. Bxc5 {[%emt 0:00:36]} Nxc5 {[%emt 0:00:00]} 29. Rd1 {[%emt 0:00:02]} Ne6 {[%emt 0:00:08]} 30. Ne2 {[%emt 0:00:38]} b5 {[%emt 0:00:01]} 31. Rd6 {[%emt 0:00:48]} bxa4 {[%emt 0:00:12]} 32. Nc3 {[%emt 0:00:07]} Rc8 {[%emt 0:00:07]} 33. Nxa4 {[%emt 0:00:05]} Ke7 {[%emt 0:00:01]} 34. Rd2 {[%emt 0:00:03]} c5 {[%emt 0:00:11]} 35. Ke3 {[%emt 0:00:13]} Rb8 {[%emt 0:00:06]} 36. Rd5 {[%emt 0:00:09]} Kf6 {[%emt 0:00:06]} 37. b3 {[%emt 0:00:11]} Nd4 {[%emt 0:00:00]} 38. Rxc5 {[%emt 0:00:04]} Ne6 {[%emt 0:00:08]} 39. Rxa5 {[%emt 0:00:04]} Rc8 {[%emt 0:00:03]} 40. c3 {[%emt 0:00:09]} f4+ {[%emt 0:00:07]} 41. Ke4 {[%emt 0:00:05]} fxg3 {[%emt 0:00:06]} 42. fxg3 {[%emt 0:00:01]} Rg8 {[%emt 0:00:00]} 43. Ra6 {[%emt 0:00:16]} Rg4+ {[%emt 0:00:09]} 1-0

[Event "FRA-ch Universities 2019"]
[Site "Paris"]
[Date "2019.02.02"]
[Round "2"]
[White "Sochacki, Wojtek"]
[Black "Bedini, Lucas"]
[Result "1-0"]
[WhiteElo "2348"]
[BlackElo "1920"]
[Annotator "NA RC"]
[PlyCount "85"]
[EventDate "2019.02.01"]
[EventType "swiss"]
[EventCountry "FRA"]
[SourceTitle "playchess.com"]
[Source "ChessBase"]
[SourceQuality "1"]
[TimeControl "900+5"]

1. d4 {[%emt 0:00:03]} Nf6 {[%emt 0:00:01]} 2. c4 {[%emt 0:00:12]} c5 {[%emt 0:00:03]} 3. Nf3 {[%emt 0:00:08]} cxd4 {[%emt 0:00:23]} 4. Nxd4 {[%emt 0:00:02]} d5 {[%emt 0:00:19]} 5. cxd5 {[%emt 0:00:21]} Nxd5 {[%emt 0:00:06]} 6. e4 {[%emt 0:00:08]} Nc7 {[%emt 0:00:42] D06: Queen's Gambit: Symmetrical and Baltic Defences} (6... Nb4 7. Bb5+ Bd7 8. Bc4 N8c6 9. Nxc6 Nxc6 10. O-O e6 11. Nc3 Be7 12. Bf4 O-O 13. Qd2 Be8 14. Rfd1 Qxd2 15. Rxd2 {½-½ (30) Anand,V (2783)-Vachier Lagrave,M (2791) Saint Louis 2017}) 7. Bc4 {[%emt 0:02:14]} e5 {[%emt 0:01:23]} 8. Qh5 {[%emt 0:03:10]} Bb4+ {[%emt 0:00:59]} 9. Nc3 {[%emt 0:00:03]} O-O {[%emt 0:00:30]} 10. Nf3 {[%emt 0:00:13]} Be6 {[%emt 0:02:40]} ({Predecessor:} 10... Nd7 11. Bg5 Qe8 12. O-O-O Bxc3 13. bxc3 b5 14. Bb3 {½-½ (28) Reti,R-Landau,S Rotterdam 1927}) 11. Ng5 {[%emt 0:01:33]} h6 {[%emt 0:00:45]} 12. Nxe6 {[%emt 0:00:02]} Nxe6 {[%emt 0:00:04]} 13. Bxe6 {[%emt 0:00:20]} Qd4 {[%emt 0:00:49]} 14. O-O {[%emt 0:00:44]} fxe6 {[%emt 0:01:39]} 15. Be3 {[%emt 0:00:06]} Qc4 {[%emt 0:00:16]} 16. Qxe5 {[%emt 0:01:35]} Nc6 {[%emt 0:00:04]} 17. Qb5 {[%emt 0:00:02]} Na5 $1 {[%emt 0:00:24]} 18. Qe5 {[%emt 0:00:35]} Nc6 {[%emt 0:00:14]} 19. Qb5 {[%emt 0:01:52]} Na5 $16 {[%emt 0:00:03]} 20. Qh5 {[%emt 0:00:03]} Rad8 {[%emt 0:01:08]} 21. Rac1 {[%emt 0:00:31]} Nc6 {[%emt 0:00:08]} 22. Qg4 {[%emt 0:01:40]} Ne5 {[%emt 0:00:55]} 23. Qg3 {[%emt 0:00:01]} Nd3 24. Rc2 {[%emt 0:00:03]} Rf7 {[%emt 0:00:36]} 25. h4 {[%emt 0:00:19]} Rfd7 {[%emt 0:00:20]} 26. Bxh6 {[%emt 0:00:24]} Nxb2 {[%emt 0:00:02]} 27. Rxb2 {[%emt 0:00:05]} Bxc3 {[%emt 0:00:03]} 28. Rbb1 {[%emt 0:00:13]} b5 {[%emt 0:00:09]} 29. Bg5 {[%emt 0:00:15]} Rc8 {[%emt 0:00:01]} 30. h5 {[%emt 0:00:08]} Qxe4 {[%emt 0:00:14]} 31. h6 {[%emt 0:00:11]} Rd3 {[%emt 0:00:15]} 32. Qh2 {[%emt 0:00:07]} Qf5 {[%emt 0:00:10]} 33. Be3 {[%emt 0:00:07]} a5 {[%emt 0:00:10]} 34. hxg7 {[%emt 0:00:03]} Bxg7 {[%emt 0:00:03]} 35. Rbc1 {[%emt 0:00:02]} Rdc3 {[%emt 0:00:02]} 36. Rxc3 {[%emt 0:00:02]} Bxc3 {[%emt 0:00:04]} 37. Qg3+ {[%emt 0:00:02]} Bg7 {[%emt 0:00:01]} 38. Rd1 {[%emt 0:00:08]} e5 {[%emt 0:00:20]} 39. Bh6 {[%emt 0:00:06]} Qf6 {[%emt 0:00:09]} 40. Bxg7 {[%emt 0:00:10]} Qxg7 {[%emt 0:00:01]} 41. Qb3+ {[%emt 0:00:01]} Kh8 {[%emt 0:00:30]} 42. Qh3+ {[%emt 0:00:01]} Kg8 {[%emt 0:00:02]} 43. Qxc8+ {[%emt 0:00:02]} 1-0

[Event "FRA-ch Universities 2019"]
[Site "Paris"]
[Date "2019.02.02"]
[Round "2"]
[White "Brethes, Francois"]
[Black "Lambert, Thomas"]
[Result "1-0"]
[WhiteElo "2267"]
[BlackElo "1993"]
[Annotator "NA RC"]
[PlyCount "39"]
[EventDate "2019.02.01"]
[EventType "swiss"]
[EventCountry "FRA"]
[SourceTitle "playchess.com"]
[Source "ChessBase"]
[SourceQuality "1"]
[TimeControl "900+5"]

1. e4 {[%emt 0:00:00]} e5 {[%emt 0:00:25]} 2. Nf3 {[%emt 0:00:00]} Nc6 {[%emt 0:00:09]} 3. Bc4 {[%emt 0:00:01]} Bc5 {[%emt 0:00:12]} 4. d3 {[%emt 0:00:07]} Nf6 {[%emt 0:00:05]} 5. O-O {[%emt 0:00:03]} O-O {[%emt 0:00:31]} 6. a4 {[%emt 0:00:02]} d6 {[%emt 0:02:28]} 7. c3 {[%emt 0:00:21]} Be6 {[%emt 0:00:15]} 8. Bxe6 {[%emt 0:00:11]} fxe6 {[%emt 0:00:02]} 9. b4 {[%emt 0:00:02]} Nxb4 {[%emt 0:00:31]} 10. cxb4 {[%emt 0:00:04]} Bxb4 {[%emt 0:00:01]} 11. Qb3 {[%emt 0:00:03]} Bc5 {[%emt 0:00:28]} 12. Qxe6+ {[%emt 0:00:03]} Kh8 {[%emt 0:00:00]} 13. Ba3 {[%emt 0:00:23]} Qd7 {[%emt 0:00:13]} 14. Qxd7 {[%emt 0:01:18]} Nxd7 {[%emt 0:00:01]} 15. Nbd2 {[%emt 0:00:07]} h6 {[%emt 0:01:50]} 16. Rfc1 {[%emt 0:00:54]} c6 {[%emt 0:03:31]} 17. Bxc5 {[%emt 0:00:06]} Nxc5 {[%emt 0:00:01]} 18. Nxe5 {[%emt 0:00:23]} dxe5 {[%emt 0:00:56]} 19. Rxc5 {[%emt 0:00:02]} Rad8 {[%emt 0:00:24]} 20. Ra3 {[%emt 0:00:03]} 1-0

[Event "FRA-ch Universities 2019"]
[Site "Paris"]
[Date "2019.02.02"]
[Round "2"]
[White "Kern, Nicolas"]
[Black "Thiercelin, Jerome"]
[Result "1-0"]
[WhiteElo "2101"]
[BlackElo "2009"]
[Annotator "TA"]
[PlyCount "99"]
[EventDate "2019.02.01"]
[EventType "swiss"]
[EventCountry "FRA"]
[SourceTitle "playchess.com"]
[Source "ChessBase"]
[SourceQuality "1"]

{[%evp 9,99,-28,15,14,42,-4,45,4,41,-21,50,-37,156,10,18,12,1,-19,-17,-19,-26,-31,-20,-29,-24,-25,-12,-132,-129,-122,-112,-137,-7,-3,-6,-10,-8,-18,-16,-19,-28,-32,-17,-31,-22,-18,-18,-45,-20,-20,-18,-20,-16,-20,0,0,0,0,0,0,37,14,311,0,6,18,1243,1222,1422,609,1134,1123,852,337,266,0,0,0,0,0,-8,-13,-13,-24,-24,-613,-613,-613,-606,-29982,-29983,-29985]} 1. e4 c5 2. Nc3 e6 (2... a6 3. g4 Nc6 4. Bg2 e6 {1-0 (37) Vallejo Pons,F (2684)-Nepomniachtchi,I (2705) Berlin 2015}) 3. d3 Nc6 4. g4 a6 5. Bg2 Qc7 (5... Nge7 6. Nh3 d5 7. O-O d4 8. Ne2 h5 9. g5 b5 10. f4 Bb7 {1-0 (37) Vallejo Pons,F (2684)-Nepomniachtchi,I (2705) Berlin 2015}) 6. f4 $146 {B23: Closed Sicilian: Lines without g3} ({Predecessor:} 6. a4 Nge7 7. h4 Ng6 8. Nce2 Bd6 9. Be3 Nf4 10. Nxf4 Bxf4 11. Ne2 Bxe3 12. fxe3 {0-1 (77) Vonhoff,N (2013)-Bertani,G (2137) Arco 2015}) 6... Be7 7. Nf3 b5 8. Qe2 {White is slightly better.} Bb7 9. Qf2 (9. g5 $14) 9... Rd8 (9... Nf6 $11) 10. Be3 (10. O-O $14) 10... Nb8 $2 (10... Nf6 $1 $15 11. h3 d5 12. exd5 exd5 13. Bxc5 d4 14. Bxe7 Nxe7) 11. O-O (11. g5 $16) 11... Nf6 $11 12. Qg3 d5 {...d4 is the strong threat.} 13. exd5 Nxd5 14. Nxd5 Bxd5 15. Ne5 Bxg2 16. Qxg2 Bf6 17. Qf2 Nd7 (17... Rc8 {looks sharper.} 18. d4 cxd4 19. Bxd4 Nc6 20. Nxc6 Qxc6 21. c3 Bxd4 22. Qxd4 O-O) 18. Rae1 (18. Nxd7 $11 Rxd7 19. f5 (19. Bxc5 Bxb2 20. f5 Rd5 $15)) 18... Nxe5 $17 19. fxe5 Bxe5 20. Bxc5 Qxc5 (20... Bxh2+ $1 $17 21. Kh1 Bg3 {[%mdl 64] Skewer}) 21. Rxe5 $11 Qxf2+ 22. Rxf2 $17 {[%mdl 4096] Endgame KRR-KRR} Ke7 23. Rc5 {[#] Hoping for Rc7+.} Rc8 24. Rxc8 Rxc8 $11 {KR-KR} 25. Kf1 Rc5 26. Ke1 f5 27. gxf5 exf5 28. d4 Rd5 29. c3 Kf6 30. Ke2 g5 31. Kd3 Rd7 32. b3 f4 33. c4 bxc4+ 34. bxc4 Kf5 35. c5 Re7 $2 {[%mdl 8192]} (35... Rf7 $11 {and Black has nothing to worry.}) 36. c6 $2 (36. d5 $18) 36... Re3+ 37. Kc4 Re1 $2 {[%mdl 8192]} (37... Ke6 $11) 38. Rc2 $18 Re8 39. Kd5 (39. d5 $142 f3 40. Kc5) 39... f3 {Black hopes to continue with ...Rd8+.} 40. c7 Rc8 41. Kc6 $2 (41. Kd6 Ke4 42. d5) 41... Ke4 42. d5 $2 (42. Kb7 $18 Rf8 43. c8=Q Rxc8 44. Rxc8 Kxd4 45. Kxa6) 42... Rxc7+ $1 $11 43. Kxc7 Kxd5 {KR-KP} 44. Kb6 h5 45. Kxa6 g4 {[#] And now ...h4 would win.} 46. a4 h4 {Threatens to win with ...g3.} 47. a5 $2 {[%mdl 8192]} (47. Rd2+ $11 Ke5 48. Rf2) 47... g3 $19 48. hxg3 hxg3 49. Kb7 {Strongly threatening a6.} g2 50. Rf2 {[%mdl 32768] Accuracy: White = 37%, Black = 33%. . Loss on time!?} 1-0

[Event "FRA-ch Universities 2019"]
[Site "Paris"]
[Date "2019.02.02"]
[Round "2"]
[White "Toure, Vasanth"]
[Black "Loiseau, Quentin"]
[Result "0-1"]
[WhiteElo "2064"]
[BlackElo "2452"]
[Annotator "RC"]
[PlyCount "78"]
[EventDate "2019.02.01"]
[EventType "swiss"]
[EventCountry "FRA"]
[SourceTitle "playchess.com"]
[Source "ChessBase"]
[SourceQuality "1"]
[TimeControl "900+5"]

1. e4 {[%emt 0:00:00]} c5 {[%emt 0:00:02]} 2. Nf3 {[%emt 0:00:07]} e6 {[%emt 0:00:03]} 3. d4 {[%emt 0:00:03]} cxd4 {[%emt 0:00:04]} 4. Nxd4 {[%emt 0:00:02]} Nc6 {[%emt 0:00:12]} 5. Nc3 {[%emt 0:00:15]} d6 {[%emt 0:00:20]} 6. Be3 {[%emt 0:00:18]} Nf6 {[%emt 0:00:20]} 7. Be2 {[%emt 0:00:52]} Be7 {[%emt 0:00:02]} 8. f4 {[%emt 0:00:33]} Qc7 {[%emt 0:01:56]} 9. Qd2 {[%emt 0:00:58]} O-O {[%emt 0:00:41]} 10. O-O-O {[%emt 0:01:07]} a6 {[%emt 0:00:30]} 11. g4 {[%emt 0:01:22]} Nd7 {[%emt 0:05:09]} 12. g5 {[%emt 0:02:06]} Nc5 {[%emt 0:01:21]} 13. f5 {[%emt 0:02:30]} Nxd4 {[%emt 0:00:04]} 14. Bxd4 {[%emt 0:00:08]} exf5 {[%emt 0:00:13]} 15. Nd5 {[%emt 0:00:13]} Qd8 {[%emt 0:00:26]} 16. Nxe7+ {[%emt 0:03:11]} Qxe7 {[%emt 0:00:02]} 17. exf5 {[%emt 0:01:35]} Bxf5 {[%emt 0:00:05]} 18. Rde1 {[%emt 0:00:38]} Ne6 {[%emt 0:00:56]} 19. Be3 {[%emt 0:00:11]} Be4 {[%emt 0:00:27]} 20. Rhg1 {[%emt 0:00:03]} Rac8 {[%emt 0:00:21]} 21. Bd3 {[%emt 0:00:04]} d5 {[%emt 0:00:27]} 22. Bxe4 {[%emt 0:00:13]} dxe4 {[%emt 0:00:02]} 23. h4 {[%emt 0:00:11]} Rfd8 {[%emt 0:00:04]} 24. Qa5 {[%emt 0:00:01]} Rc4 {[%emt 0:00:54]} 25. b3 {[%emt 0:00:14]} Rc6 {[%emt 0:00:24]} 26. Rd1 {[%emt 0:00:02]} Rdc8 {[%emt 0:00:02]} 27. Rd2 {[%emt 0:00:05]} b6 {[%emt 0:00:35]} 28. Qd5 {[%emt 0:00:08]} Qc7 {[%emt 0:00:06]} 29. Qxe4 {[%emt 0:00:07]} b5 {[%emt 0:00:28]} 30. Rgg2 {[%emt 0:00:01]} a5 {[%emt 0:00:04]} 31. h5 {[%emt 0:00:03]} a4 {[%emt 0:00:35]} 32. Kb1 {[%emt 0:00:03]} axb3 {[%emt 0:00:04]} 33. axb3 {[%emt 0:00:05]} Ra6 {[%emt 0:00:03]} 34. Bd4 {[%emt 0:00:09]} Rca8 {[%emt 0:00:26]} 35. Bb2 {[%emt 0:00:02]} b4 {[%emt 0:00:02]} 36. g6 {[%emt 0:00:02]} fxg6 {[%emt 0:00:10]} 37. hxg6 {[%emt 0:00:00]} Qa5 {[%emt 0:00:04]} 38. gxh7+ {[%emt 0:00:05]} Kh8 {[%emt 0:00:02]} 39. Rd5 {[%emt 0:00:15]} Qa1+ {[%emt 0:00:02]} 0-1

[Event "FRA-ch Universities 2019"]
[Site "Paris"]
[Date "2019.02.02"]
[Round "2"]
[White "Nassr, Ahmed"]
[Black "Graca, Robert"]
[Result "1/2-1/2"]
[WhiteElo "2012"]
[BlackElo "2270"]
[Annotator "TA"]
[PlyCount "113"]
[EventDate "2019.02.01"]
[EventType "swiss"]
[EventCountry "FRA"]
[SourceTitle "playchess.com"]
[Source "ChessBase"]
[SourceQuality "1"]

{[%evp 16,113,40,26,57,55,38,41,61,55,83,34,49,45,83,83,82,71,79,86,135,0,347,321,331,145,155,147,147,136,165,150,170,150,332,194,262,258,251,258,239,178,193,72,79,74,55,56,114,35,85,67,68,36,45,53,51,38,50,37,45,-460,-454,-439,-434,-419,-137,-137,-137,-137,0,-137,-137,-137,-137,-137,-103,-137,-137,-137,-137,-137,-137,-137,-124,-137,-137,-137,-130,-131,-122,-124,-37,-37,-37,-37,0,-37,-37,-37]} 1. d4 Nf6 2. Bf4 c5 3. e3 g6 4. c3 Bg7 5. h3 O-O 6. Nd2 d6 7. Ngf3 Nc6 8. Be2 Be6 {A48: 1 d4 Nf6 2 Nf3 g6: Torre, London and Colle Systems} 9. O-O {LiveBook: 10 Games} Qc8 $146 ({Predecessor:} 9... Qb6 10. Qb1 cxd4 11. exd4 Rac8 12. Bd3 Na5 13. Re1 Rfe8 14. Bh2 a6 15. Re2 Bd5 {0-1 (39) Evdokimov,A (2502)-Kokarev,D (2608) Kolomna 2018}) 10. Re1 Rd8 {White is slightly better.} 11. a3 a6 12. Rc1 Ra7 13. Bh2 b5 14. e4 {Black must now prevent d5.} cxd4 15. cxd4 d5 16. Ne5 Rc7 17. Qc2 $36 {[%cal Re5c6][%mdl 2048] White has strong initiative.} Rd6 18. Ng4 (18. Nxf7 $16 Bxf7 19. e5) 18... Nxg4 $4 {[%mdl 8192]} (18... Ne8 $1 $11 {and Black is okay.} 19. Bxd6 exd6) 19. Bxd6 $18 (19. Bxg4 Qf8) (19. hxg4 dxe4 20. Bxd6 (20. Nxe4 Nxd4 21. Qxc7 Nxe2+ 22. Kf1 Nxc1 $14) 20... exd6 $16) 19... exd6 20. hxg4 (20. Bxg4 $18 {is the precise move to win. Hoping for exd5.} Qf8 21. Bxe6 fxe6 22. exd5 exd5 23. Qd3) 20... Bxd4 $16 21. exd5 Bxd5 22. Bf3 Bxf3 23. Nxf3 Bb6 {White should prevent ...Nd4.} 24. Qe4 Qb7 $2 (24... Bc5 $16 {was worth a try.} 25. g5 a5) 25. Red1 ({Less strong is} 25. Qe8+ Kg7 $18) (25. Qf4 $142 {White threatens Re8+ and mate.} Qc8 26. Qxd6) 25... Na5 (25... Ne5 {was called for.} 26. Qxb7 Rxb7) 26. Qxb7 $18 ({Much less strong is} 26. Qe8+ $6 Kg7 $16) 26... Rxb7 27. Rc8+ ({Don't do} 27. Rxd6 $6 Nc4 $16) 27... Kg7 28. Rxd6 Nc4 29. Rd1 (29. Rd5 $18 {has better winning chances.}) 29... Nxb2 $16 30. Re1 Nd3 31. Ree8 h6 (31... Nxf2 $14 32. g5 Ne4+ 33. Kf1 f5) 32. Re2 ({White should play} 32. Kf1 $16) 32... Nf4 33. Rec2 a5 34. g3 Nd3 35. R8c3 Nxf2 36. Rxf2 b4 37. Rb3 bxa3 38. Kg2 $2 {[%mdl 8192]} (38. Rxa3 $14 {is the one way to stay ahead.} Bxf2+ 39. Kxf2) 38... Bxf2 $19 39. Rxa3 {[%mdl 4096] Endgame KRB-KRN} Rb2 40. Kh3 Bc5 $2 (40... Bb6 $19 {is more deadly. aiming for ...Rb4.} 41. Ne1 Re2) 41. Rxa5 $17 Be7 42. Ra7 Bf6 {[#]} (42... Re2 $17 {Strongly threatening ...Kf6.} 43. Rd7 Kf6) 43. Ra5 (43. Ng5 $1 $11 {[%mdl 512]}) 43... Rf2 44. Ra3 Be7 45. Rd3 Kf6 46. Nh4 Ra2 47. Ng2 Bc5 48. Nf4 Bg1 {[%csl Gg1][%cal Ra2h2] [#]} 49. Ng2 Ra1 50. Rf3+ Kg7 51. Rd3 Ba7 {[%cal Ra1h1]} 52. Nf4 Bb8 53. Rb3 Bxf4 ({Black should try} 53... Be5 $17 {Threatens to win with ...Ra4.} 54. Kg2 Kf6) 54. gxf4 $15 Ra4 55. Kg3 Ra1 56. Kg2 Ra5 57. Kg3 {Precision: White = 41%, Black = 36%.} 1/2-1/2

[Event "FRA-ch Universities 2019"]
[Site "Paris"]
[Date "2019.02.02"]
[Round "2"]
[White "Schmuck, Corentin"]
[Black "Eden, James"]
[Result "0-1"]
[WhiteElo "1984"]
[BlackElo "2338"]
[Annotator "NA RC"]
[PlyCount "127"]
[EventDate "2019.02.01"]
[EventType "swiss"]
[EventCountry "FRA"]
[SourceTitle "playchess.com"]
[Source "ChessBase"]
[SourceQuality "1"]
[TimeControl "900+5"]

1. e4 {[%emt 0:00:00]} c5 {[%emt 0:00:02]} 2. Nc3 {[%emt 0:00:00]} a6 {[%emt 0:00:02]} 3. g3 {[%emt 0:00:01]} b5 {[%emt 0:00:03]} 4. Bg2 {[%emt 0:00:03]} Bb7 {[%emt 0:00:08]} 5. d3 {[%emt 0:00:13]} e6 {[%emt 0:00:05]} 6. Be3 {[%emt 0:00:11] B23: Closed Sicilian: Lines without g3} (6. f4 Nf6 7. Nf3 d6 8. O-O Be7 9. a4 b4 10. Ne2 c4 11. b3 cxd3 12. cxd3 O-O 13. h3 Nc6 14. g4 Nd7 15. g5 {1-0 (51) Duda,J (2717)-Fedorchuk,S (2648) Katowice 2017}) 6... Nf6 {[%emt 0:00:16]} 7. h3 $146 {[%emt 0:00:08]} ({Predecessor:} 7. Qd2 Be7 {½-½ (72) Munoz,L (1884)-Herrera Rodriguez,M (2091) Pamplona 2012}) 7... Be7 {[%emt 0:00:20]} 8. Qd2 {[%emt 0:00:20]} b4 {[%emt 0:00:31]} 9. Nd1 {[%emt 0:00:12]} d5 {[%emt 0:00:11]} 10. exd5 {[%emt 0:02:13]} Bxd5 {[%emt 0:00:19]} 11. Nf3 {[%emt 0:00:24]} Qd7 {[%emt 0:00:36]} ({Predecessor:} 11... Qc7 12. O-O O-O 13. Qe2 c4 {½-½ (72) Munoz,L (1884)-Herrera Rodriguez,M (2091) Pamplona 2012}) 12. O-O {[%emt 0:00:15]} Qb7 {[%emt 0:00:05]} 13. Ne1 {[%emt 0:00:41]} O-O {[%emt 0:00:20]} 14. Bxd5 {[%emt 0:00:11]} Nxd5 {[%emt 0:00:11]} 15. Ng2 {[%emt 0:00:06]} Nc6 {[%emt 0:00:07]} 16. Qe2 {[%emt 0:01:35]} a5 {[%emt 0:00:57]} 17. Nf4 {[%emt 0:02:15]} Nxf4 {[%emt 0:00:55]} 18. Bxf4 {[%emt 0:00:06]} Nd4 {[%emt 0:00:14]} 19. Qe4 {[%emt 0:00:33]} Qxe4 {[%emt 0:00:04]} 20. dxe4 {[%emt 0:00:01]} Nxc2 {[%emt 0:00:04]} 21. Rc1 {[%emt 0:00:06]} Nd4 {[%emt 0:00:02]} 22. Kg2 {[%emt 0:00:17]} g5 {[%emt 0:02:28]} 23. Be3 {[%emt 0:00:57]} Rac8 {[%emt 0:00:21]} 24. b3 {[%emt 0:00:28]} Rfd8 {[%emt 0:00:20]} 25. Nb2 {[%emt 0:00:14]} Ne2 {[%emt 0:00:04]} 26. Rc2 {[%emt 0:00:22]} Nc3 {[%emt 0:00:03]} 27. Nc4 {[%emt 0:00:03]} Nxe4 {[%emt 0:00:37]} 28. Nxa5 {[%emt 0:00:07]} Nc3 {[%emt 0:00:12]} 29. Nc4 {[%emt 0:00:42]} Bf6 {[%emt 0:00:11]} 30. f4 {[%emt 0:00:33]} h6 $17 {[%emt 0:00:31]} 31. g4 {[%emt 0:00:31]} Bd4 {[%emt 0:00:25]} 32. fxg5 {[%emt 0:00:14]} Bxe3 {[%emt 0:00:11]} 33. Nxe3 {[%emt 0:00:02]} hxg5 {[%emt 0:00:05]} 34. Rcf2 {[%emt 0:00:30]} Rc7 {[%emt 0:00:17]} 35. Nc4 {[%emt 0:00:12]} Rd5 {[%emt 0:00:08]} 36. Nb6 {[%emt 0:00:25]} Rd1 {[%emt 0:00:24]} 37. Rxd1 {[%emt 0:00:35]} Nxd1 {[%emt 0:00:03]} 38. Rd2 {[%emt 0:00:03]} Nc3 {[%emt 0:00:06]} 39. Kf3 {[%emt 0:00:09]} Ra7 {[%emt 0:00:05]} 40. Nd7 {[%emt 0:00:12]} Ra5 {[%emt 0:00:34]} 41. Ke3 {[%emt 0:00:52]} Nxa2 {[%emt 0:01:16]} 42. Kd3 {[%emt 0:00:07]} Nc3 {[%emt 0:00:51]} 43. Kc4 {[%emt 0:00:03]} Kg7 {[%emt 0:00:05]} 44. Rf2 {[%emt 0:00:33]} Ne4 {[%emt 0:00:07]} 45. Re2 {[%emt 0:00:05]} Nd6+ {[%emt 0:00:04]} 46. Kd3 {[%emt 0:00:07]} Nb7 {[%emt 0:00:42]} 47. Kc4 {[%emt 0:00:07]} Ra3 {[%emt 0:00:02]} 48. Re5 {[%emt 0:00:22]} Kg6 {[%emt 0:02:22]} 49. Nxc5 {[%emt 0:00:05]} Nd6+ {[%emt 0:00:02]} 50. Kxb4 {[%emt 0:00:07]} Ra2 {[%emt 0:00:01]} 51. Ne4 {[%emt 0:00:17]} Re2 {[%emt 0:00:35]} 52. Rxg5+ {[%emt 0:00:13]} Kh6 {[%emt 0:00:01]} 53. Nxd6 {[%emt 0:00:05]} Kxg5 {[%emt 0:00:02]} 54. Nxf7+ {[%emt 0:00:02]} Kf4 {[%emt 0:00:01]} 55. Kc5 {[%emt 0:00:10]} e5 {[%emt 0:00:03]} 56. b4 {[%emt 0:00:06]} e4 57. Nd6 {[%emt 0:00:07]} e3 {[%emt 0:00:06]} 58. Nf5 {[%emt 0:00:04]} Rc2+ {[%emt 0:00:04]} 59. Kb6 {[%emt 0:00:07]} e2 {[%emt 0:00:02]} 60. Nd4 {[%emt 0:00:01]} e1=Q {[%emt 0:00:08]} 61. Nxc2 {[%emt 0:00:02]} Qc3 {[%emt 0:00:03]} 62. b5 {[%emt 0:00:09]} Qxc2 {[%emt 0:00:02]} 63. Kb7 {[%emt 0:00:07]} Ke5 {[%emt 0:00:03]} 64. b6 {[%emt 0:00:03]} 0-1